Statistics for World Geography Click Quiz

Click here to take the quiz!

General Stats

  • This quiz has been taken 101 times
  • The average score is 13 of 15

Answer Stats

HintAnswer% Correct
First country alphabeticallyAfghanistan
97%
Smallest by population Caribbean countrySt Kitts and Nevis
93%
Smallest country in areaVatican City
93%
Home to Christ The RedeemerBrazil
91%
Bavaria is part of .....?Germany
91%
Country forming one half of Hispaniola that has French as its main languageHaiti
89%
Most populated Spanish countryMexico
89%
Country that has Suva as its capitalFiji
87%
Country that surrounds 2 othersItaly
86%
European country with 3 word capitalAndorra
84%
Country known as Suomi to its inhabitantsFinland
80%
Only country to have a map on its flagCyprus
79%
Country with Edo as former capitalJapan
79%
Country with most bordersChina
73%
Once rules by King ZogAlbania
60%

Score Distribution

Percentile by Number Answered

Percent of People with Each Score

Your Score History

You have not taken this quiz